000 00725nam a2200253Ia 4500
003 OSt
005 20220925184804.0
006 a|||||r|||| 00| 0
007 ta
008 220923b |||||||| |||| 00| 0 eng d
020 _a1856281345
037 _cGeneral Book
040 _aRTL
_cRTL
_beng
041 _2eng
_aeng
082 _aY:3(S5), N3
100 _aKing Dave
_9231399
245 0 _aTransvestite and the transsexual
_b Public categories and private identities
260 _aAldershot
_bAvebury
_c1993
300 _av, 223p
_ccm.
500 _aBibliography: P 199-217
650 _aSociology irt Psychology
942 _hY:3(S5), N3
_cGB
_2CC
999 _c508850
_d508850